[Event "Moscow Open 2007"]
[Site "Moscow"]
[Date "2007.02.04"]
[Round "9"]
[White "Bochkarev, Alexander"]
[Black "Isaev, Yuri"]
[Result "1-0"]
[WhiteElo "2434"]
[BlackElo "2343"]
[PlyCount "71"]
[EventDate "2007.??.??"]

1. e4 c5 2. Nf3 d6 3. d4 cxd4 4. Nxd4 Nf6 5. Nc3 g6 6. h3 Bg7 7. g3 Nc6 8. Nde2
O-O 9. Bg2 Be6 10. Nd5 Qd7 11. Nef4 Rac8 12. O-O Bxd5 13. exd5 Ne5 14. a4 a6
15. Re1 Rfe8 16. b3 b5 17. Be3 Qc7 18. axb5 axb5 19. Ra2 Ra8 20. Rxa8 Rxa8 21.
Ne2 Ra2 22. Nd4 Qc3 23. Nxb5 Qxc2 24. Qxc2 Rxc2 25. Rb1 Ned7 26. b4 Nb8 27. Nd4
Rc8 28. b5 Nfd7 29. Nc6 Kf8 30. b6 Nc5 31. Bxc5 dxc5 32. Rc1 Nd7 33. b7 Re8 34.
Bf1 e6 35. d6 Be5 36. Nxe5 1-0

[Event "Moscow Open 2007"]
[Site "Moscow"]
[Date "2007.02.04"]
[Round "9"]
[White "Fominykh, Maria"]
[Black "Mozharov, Mikhail"]
[Result "1-0"]
[WhiteElo "2316"]
[BlackElo "2425"]
[PlyCount "53"]
[EventDate "2007.??.??"]

1. e4 c5 2. Nf3 Nc6 3. Bb5 g6 4. Bxc6 dxc6 5. d3 Bg7 6. h3 Nf6 7. Nc3 Nd7 8.
Be3 b6 9. Qd2 h6 10. a3 a5 11. a4 Nf8 12. d4 Qc7 13. Bf4 Qd8 14. d5 Bb7 15.
O-O-O g5 16. Be5 f6 17. dxc6 Bxc6 18. Qe2 Qc8 19. Nh4 h5 20. Nf5 Kf7 21. Bd6 e6
22. Qc4 Qa6 23. Nb5 Ng6 24. Bc7 Bf8 25. Rd6 Qc8 26. Rxc6 Ne5 27. Nbd6+ 1-0

[Event "Moscow Open 2007"]
[Site "Moscow"]
[Date "2007.02.04"]
[Round "9"]
[White "Reutsky, Sergei"]
[Black "Shimanov, Aleksandr"]
[Result "1/2-1/2"]
[WhiteElo "2353"]
[BlackElo "2419"]
[PlyCount "191"]
[EventDate "2007.??.??"]

1. e4 c6 2. d4 d5 3. Nc3 dxe4 4. Nxe4 Nd7 5. Ng5 Ngf6 6. Bd3 e6 7. N1f3 Bd6 8.
Qe2 h6 9. Ne4 Nxe4 10. Qxe4 Qc7 11. Qg4 Kf8 12. O-O b6 13. Re1 c5 14. Qh3 c4
15. Be4 Rb8 16. c3 Kg8 17. b3 Nf6 18. Bc2 cxb3 19. Bxb3 Qxc3 20. Bd2 Qc7 21.
Rac1 Qd8 22. Ne5 Bxe5 23. dxe5 Nd5 24. Rc4 a5 25. Rg4 Kf8 26. Rd1 Qc7 27. Qg3
Ne7 28. Rc4 Nc6 29. Rdc1 Bd7 30. Qc3 Qd8 31. Be3 Ne7 32. Rc7 Qe8 33. Rd1 Nd5
34. Bxd5 exd5 35. Rxd5 Be6 36. Rd6 Kg8 37. a3 Qb5 38. h3 Qb1+ 39. Kh2 Kh7 40.
Qd4 b5 41. Bxh6 Rhe8 42. Bd2 b4 43. axb4 axb4 44. Rc1 Qb3 45. Qe4+ Kg8 46. Rb1
Qa2 47. Rxb4 Rxb4 48. Qxb4 Rc8 49. Qd4 Qc2 50. Rd8+ Rxd8 51. Qxd8+ Kh7 52. Qh4+
Kg8 53. Bf4 Qe2 54. Qg3 Kh7 55. Bg5 Bd5 56. Be7 Qe4 57. f3 Qg6 58. Qf4 Qc2 59.
h4 Be6 60. Bg5 Qf5 61. Qg3 Qc2 62. Be3 Qd3 63. Qf2 Qf5 64. Bd4 Bd5 65. Qg3 Be6
66. Bc5 Qg6 67. Qf4 Qc2 68. Be3 Bd5 69. h5 Be6 70. h6 Qf5 71. Qxf5+ Bxf5 72.
hxg7 Kxg7 73. g4 Be6 74. Bg5 Bd7 75. Kg3 Bc8 76. Bf6+ Kf8 77. Kh4 Bb7 78. f4
Bf3 79. f5 Bd1 80. Kg3 Be2 81. Kf4 Bd1 82. Bh4 Be2 83. Bf2 Bd1 84. Bc5+ Kg8 85.
g5 Bc2 86. Bd4 Bd3 87. e6 fxe6 88. fxe6 Bb5 89. Kf5 Ba4 90. Kf6 Bb5 91. Ke7 Ba4
92. Kd8 Bb5 93. Bc5 Ba4 94. Bd4 Bb5 95. g6 Bd3 96. g7 1/2-1/2

[Event "Moscow Open 2007"]
[Site "Moscow"]
[Date "2007.02.04"]
[Round "9"]
[White "Vafin, Niaz"]
[Black "Ovod, Evgenija"]
[Result "1/2-1/2"]
[WhiteElo "2308"]
[BlackElo "2410"]
[PlyCount "177"]
[EventDate "2007.??.??"]

1. e4 e5 2. Nf3 Nc6 3. Bb5 Bc5 4. O-O Nf6 5. Re1 Ng4 6. Rf1 f5 7. d3 O-O 8.
Bc4+ Kh8 9. Nc3 Nd4 10. Ng5 Ne6 11. Bxe6 dxe6 12. Qe2 Qf6 13. h3 Nh6 14. Nf3 f4
15. Na4 Bd6 16. b3 Bd7 17. Nb2 Be8 18. Nh2 Qh4 19. f3 Bc5+ 20. Kh1 Bd4 21. Rb1
b5 22. Bd2 a5 23. c3 Bb6 24. Rfd1 Qe7 25. Be1 Nf7 26. Rbc1 Qa3 27. Qc2 Rd8 28.
Ng4 h5 29. Nf2 Be3 30. Ra1 Qc5 31. a3 b4 32. axb4 axb4 33. d4 exd4 34. Nfd3 Qe7
35. cxb4 g5 36. Qc5 Qxc5 37. bxc5 Bb5 38. Ra7 c6 39. Rda1 Kg8 40. Rc7 Ra8 41.
Raa7 Rxa7 42. Rxa7 Re8 43. g4 hxg4 44. hxg4 Rb8 45. Bb4 Kf8 46. Kg2 Re8 47. Ba5
Re7 48. Bc7 Kg8 49. Ra8+ Kh7 50. Ba5 Kg7 51. Be1 Kf6 52. Ba5 Rb7 53. Bb6 Rd7
54. Rf8 Ke7 55. Rg8 Bd2 56. Ra8 Bc3 57. Nc4 Bxc4 58. bxc4 Kf6 59. Rf8 Bd2 60.
Kf1 Ke7 61. Ra8 Rb7 62. Rc8 Kd7 63. Rf8 Ke7 64. Rc8 Kd7 65. Rg8 Ke7 66. e5 Bc3
67. Ke2 Kd7 68. Kd1 Ke7 69. Kc2 Kd7 70. Nf2 Nxe5 71. Ne4 Nxc4 72. Rg7+ Ke8 73.
Rg8+ Kd7 74. Rxg5 Ke8 75. Kd3 Nb2+ 76. Kc2 Kf8 77. Rh5 Kg7 78. Ng5 Kg6 79. Nxe6
Rd7 80. Rg5+ Kf7 81. Nd8+ Kf6 82. Rf5+ Kg6 83. Nxc6 d3+ 84. Kxc3 d2 85. Ne5+
Kg7 86. Rg5+ Kh7 87. Rh5+ Kg8 88. Rg5+ Kh7 89. Rh5+ 1/2-1/2

[Event "Moscow Open 2007"]
[Site "Moscow"]
[Date "2007.02.04"]
[Round "9"]
[White "Nakhapetiane, Pogos"]
[Black "Grigoriadis, Alexandros"]
[Result "1/2-1/2"]
[WhiteElo "2408"]
[BlackElo "2304"]
[PlyCount "108"]
[EventDate "2007.??.??"]

1. e4 c5 2. Nf3 d6 3. d4 cxd4 4. Nxd4 Nf6 5. Nc3 a6 6. f4 Nc6 7. Be2 e6 8. Be3
Be7 9. Qd2 O-O 10. a4 e5 11. Nb3 exf4 12. Bxf4 Be6 13. Nd4 Nxd4 14. Qxd4 Rc8
15. O-O-O Qa5 16. Bxd6 Bxd6 17. Qxd6 Rxc3 18. bxc3 Nxe4 19. Qb4 Qg5+ 20. Kb2
Nf2 21. Bf3 Nxh1 22. Rxh1 Qe5 23. h3 h5 24. Qd4 Qa5 25. Qb4 Qe5 26. Qd4 Qa5 27.
Qb4 Qc7 28. Rd1 Rc8 29. Bd5 a5 30. Qb3 Rd8 31. c4 Rd6 32. Qe3 Qd7 33. Bxe6 fxe6
34. Rxd6 Qxd6 35. Qd3 Qe5+ 36. Kb3 Qc5 37. c3 b6 38. Qg6 Qe5 39. Qe8+ Kh7 40.
Qb5 Qc5 41. Qe8 Qf5 42. Qb5 Qb1+ 43. Ka3 Qc1+ 44. Kb3 Qd1+ 45. Ka3 Qd6+ 46. Kb3
Kg6 47. Kc2 h4 48. Qe8+ Kg5 49. Qf7 g6 50. Qf2 Qc5 51. Qd4 Qf5+ 52. Kb2 Qf4 53.
Qxb6 Qd2+ 54. Kb3 Qd1+ 1/2-1/2

[Event "Moscow Open 2007"]
[Site "Moscow"]
[Date "2007.02.04"]
[Round "9"]
[White "Vasilkova, Svetlana"]
[Black "Yuferov, Sergey N"]
[Result "1-0"]
[WhiteElo "2336"]
[BlackElo "2407"]
[PlyCount "131"]
[EventDate "2007.??.??"]

1. e4 c5 2. Nf3 d6 3. d4 cxd4 4. Nxd4 Nf6 5. Nc3 a6 6. Be3 e5 7. Nb3 Be6 8. Qd2
Nbd7 9. O-O-O b5 10. f4 Be7 11. h3 exf4 12. Bxf4 Nh5 13. g3 O-O 14. Kb1 Qc7 15.
Nd4 Ne5 16. Be2 Nf6 17. Nf5 Rfd8 18. Nxe7+ Qxe7 19. g4 b4 20. Nd5 Bxd5 21. exd5
Qb7 22. Qd4 Re8 23. g5 Nfd7 24. h4 Qb6 25. Qxb6 Nxb6 26. Rhe1 g6 27. Bf1 Kf8
28. b3 Re7 29. Re4 a5 30. Bb5 Rd8 31. a3 Nf3 32. Rxe7 Kxe7 33. axb4 axb4 34.
Bc6 Nd7 35. Kb2 Nde5 36. Ra1 Nxc6 37. dxc6 Rc8 38. Ra6 Nd4 39. c7 Nf5 40. Bd2
Rxc7 41. Bxb4 Rb7 42. Be1 d5 43. c3 d4 44. c4 Ne3 45. c5 Rb5 46. b4 d3 47. Kb3
Ng2 48. Kc4 Rb8 49. Bc3 Nxh4 50. b5 Nf5 51. b6 Kd7 52. Kb5 Ne7 53. Ra7+ Ke6 54.
Bd2 Nd5 55. Ra1 Ke5 56. Kc6 Rc8+ 57. Kb5 Rb8 58. Rf1 Nc7+ 59. Kc6 Ne6 60. Re1+
Kd4 61. Be3+ Kc3 62. Rc1+ Kb2 63. b7 Nd8+ 64. Kc7 Rxb7+ 65. Kxd8 Rb5 66. Rc4
1-0

[Event "Moscow Open 2007"]
[Site "Moscow"]
[Date "2007.02.04"]
[Round "9"]
[White "Gagarin, Vasilij"]
[Black "Timofeev, Vladimir F"]
[Result "1-0"]
[WhiteElo "2406"]
[BlackElo "2302"]
[PlyCount "61"]
[EventDate "2007.??.??"]

1. d4 Nf6 2. c4 e6 3. Nc3 Bb4 4. e3 O-O 5. Bd3 d5 6. a3 Bxc3+ 7. bxc3 c5 8.
cxd5 exd5 9. Ne2 b6 10. O-O Ba6 11. Bxa6 Nxa6 12. Qd3 Qc8 13. a4 Re8 14. f3 Nc7
15. Ng3 g6 16. e4 Qa6 17. Qd1 Qc4 18. Bg5 Nd7 19. Qd2 Re6 20. e5 Rae8 21. f4 f5
22. exf6 Nxf6 23. f5 gxf5 24. Nxf5 cxd4 25. Bxf6 Rxf6 26. Qg5+ Rg6 27. Ne7+
Rxe7 28. Qxe7 Ne6 29. Rae1 Qc8 30. Qf7+ Kh8 31. Rf6 1-0

[Event "Moscow Open 2007"]
[Site "Moscow"]
[Date "2007.02.04"]
[Round "9"]
[White "Velikhanli, Firuza"]
[Black "Ageichenko, Genadi A"]
[Result "1-0"]
[WhiteElo "2304"]
[BlackElo "2402"]
[PlyCount "103"]
[EventDate "2007.??.??"]

1. e4 c6 2. d3 d5 3. Nd2 e5 4. g3 Bd6 5. c3 Nf6 6. Bg2 O-O 7. Ngf3 Nbd7 8. O-O
Bc7 9. Qc2 Re8 10. Nb3 Bb6 11. a4 a5 12. Re1 dxe4 13. dxe4 Nc5 14. Nxc5 Bxc5
15. Be3 Bxe3 16. Rxe3 Qb6 17. Rb1 Qc5 18. Ne1 Be6 19. Nd3 Qb6 20. b4 Nd7 21.
Bf1 Ra7 22. c4 axb4 23. Rxb4 Qc7 24. c5 Ra5 25. Re1 Nf8 26. Reb1 Bc8 27. Nc1
Ne6 28. Nb3 Ra8 29. Bh3 Rd8 30. Bxe6 Bxe6 31. Nd2 Qa5 32. Nf3 f6 33. Kg2 Rd7
34. R1b2 Ra7 35. Qc3 Qd8 36. Rd2 h6 37. h4 Kf8 38. Rxd7 Qxd7 39. Nd2 Qe7 40.
Qe3 Ra5 41. Nb3 Ra8 42. Qc3 Rd8 43. Na5 Rd7 44. Qb2 Qxc5 45. Nxb7 Qa7 46. Rb6
Bf7 47. Nc5 Rd8 48. Qb4 Kg8 49. a5 f5 50. Rb7 Qa8 51. a6 Kh7 52. Rxf7 1-0

[Event "Moscow Open 2007"]
[Site "Moscow"]
[Date "2007.02.04"]
[Round "9"]
[White "Arakelov, Ilya"]
[Black "Zakurdjaeva, Irina"]
[Result "1-0"]
[WhiteElo "2399"]
[BlackElo "2296"]
[PlyCount "141"]
[EventDate "2007.??.??"]

1. d4 d5 2. c4 c6 3. Nc3 Nf6 4. Nf3 dxc4 5. a4 Bf5 6. e3 e6 7. Bxc4 Bb4 8. O-O
Nbd7 9. Qe2 O-O 10. e4 Bg6 11. Bg5 Bxc3 12. bxc3 Bxe4 13. Ne5 Qa5 14. Nxd7 Nxd7
15. Be7 Rfe8 16. Bb4 Qf5 17. Rfe1 Nf6 18. f3 Bd5 19. Bd3 Qf4 20. Ba3 Red8 21.
Kh1 c5 22. Bxc5 b6 23. Ba3 Rac8 24. Bb2 Qc7 25. Qf2 Bc4 26. Bc2 Rd5 27. Kg1 Rh5
28. Qg3 Qxg3 29. hxg3 Rd5 30. Kf2 Rd7 31. a5 b5 32. Bc1 a6 33. Bd2 Ne8 34. Rh1
f5 35. g4 fxg4 36. Rxh7 Nf6 37. Rh4 gxf3 38. gxf3 Kf7 39. Rg1 Bd5 40. Bg6+ Ke7
41. Bd3 Kd6 42. Rh3 Rf8 43. Bc1 Rc8 44. Ba3+ Kc6 45. Rhg3 Kb7 46. Bc5 Rg8 47.
Ke3 Bc6 48. c4 bxc4 49. Bxc4 Nd5+ 50. Kf2 Bb5 51. Bb3 Nf4 52. Bb6 g5 53. Rh1
Rdg7 54. Rg4 Rf8 55. Rh6 Bc6 56. Bd1 Bd5 57. Ke3 Bc6 58. Bc5 Rff7 59. Bd6 Nd5+
60. Kd3 Nf6 61. Rg3 Rh7 62. Rxh7 Nxh7 63. Ke3 Bd5 64. Be5 Bc4 65. Bc2 Kc6 66.
Bg6 Rb7 67. Rh3 Nf8 68. Be8+ Kd5 69. Rh8 Nd7 70. Bxd7 Rxd7 71. Rc8 1-0

[Event "Moscow Open 2007"]
[Site "Moscow"]
[Date "2007.02.04"]
[Round "9"]
[White "Loskutov, Oleg"]
[Black "Kurdakov, Yuri"]
[Result "1-0"]
[WhiteElo "2397"]
[BlackElo "2282"]
[PlyCount "140"]
[EventDate "2007.??.??"]

1. e4 e6 2. d4 d5 3. Nc3 Bb4 4. e5 b6 5. a3 Bf8 6. Bb5+ c6 7. Ba4 Ba6 8. Nce2
Bb5 9. Bxb5 cxb5 10. Qd3 Qd7 11. f4 Ne7 12. Nf3 h5 13. Be3 Nf5 14. Bf2 Nc6 15.
g3 Na5 16. b3 Be7 17. h3 O-O-O 18. Kd2 Kb8 19. Kc1 Rc8 20. Kb2 b4 21. axb4 Bxb4
22. g4 Nc4+ 23. bxc4 dxc4 24. Qe4 hxg4 25. hxg4 c3+ 26. Kb3 Rxh1 27. Nfg1 Qb5
28. Qd3 Qd5+ 29. Kxb4 Ne7 30. Nxc3 Nc6+ 31. Ka3 Qa5+ 32. Kb2 Qb4+ 33. Kc1 Nxe5
34. dxe5 Rxc3 35. Qd2 Rc4 36. Qxb4 Rxb4 37. Be3 Rh2 38. Bd2 Rc4 39. Nf3 Rf2 40.
Ra3 f6 41. Rd3 Kc8 42. exf6 gxf6 43. g5 fxg5 44. fxg5 a5 45. g6 Rg2 46. Bg5
Rxg5 47. Nxg5 Rg4 48. Nxe6 Rxg6 49. Nd4 Kc7 50. Kb2 Kd6 51. Kc3 Kc5 52. Rf3 Rd6
53. Rf8 Rd7 54. Rc8+ Kd5 55. Kd3 Rh7 56. c4+ Ke5 57. Re8+ Kd6 58. Re6+ Kc7 59.
Nb5+ Kb7 60. Nc3 Rh3+ 61. Kd4 Rh4+ 62. Kd5 Rh5+ 63. Kd6 Rc5 64. Re7+ Ka6 65.
Re4 Rc8 66. Kd7 Rh8 67. Re6 Rh4 68. c5 Rd4+ 69. Ke7 Rc4 70. Rxb6+ Ka7 1-0

[Event "Moscow Open 2007"]
[Site "Moscow"]
[Date "2007.02.04"]
[Round "9"]
[White "Rjabzev, Konstantin"]
[Black "Kopylov, Alexander A"]
[Result "0-1"]
[WhiteElo "2387"]
[BlackElo "2237"]
[PlyCount "66"]
[EventDate "2007.??.??"]

1. e4 g6 2. d4 Bg7 3. Nc3 d6 4. g3 Nc6 5. Be3 e5 6. Bb5 Bd7 7. Nge2 a6 8. Ba4
b5 9. Bb3 Nf6 10. d5 Na5 11. f3 b4 12. Na4 O-O 13. O-O Nh5 14. c3 Nxb3 15. axb3
f5 16. exf5 gxf5 17. f4 Qe8 18. fxe5 dxe5 19. Nc5 f4 20. Nxd7 Qxd7 21. gxf4 Qh3
22. Bc1 Rf6 23. Rf2 Raf8 24. Qf1 Rg6+ 25. Rg2 Rff6 26. Rxg6 Rxg6+ 27. Kf2 Qxh2+
28. Ke1 Ng3 29. Qf2 Qh1+ 30. Qg1 Qh3 31. Nxg3 Rxg3 32. Qc5 Qh1+ 33. Kd2 Qh2+
0-1

[Event "Moscow Open 2007"]
[Site "Moscow"]
[Date "2007.02.04"]
[Round "9"]
[White "Kalashnikov, Konstant"]
[Black "Kashlinskaya, Alina"]
[Result "1-0"]
[WhiteElo "2384"]
[BlackElo "2228"]
[PlyCount "115"]
[EventDate "2007.??.??"]

1. d4 Nf6 2. c4 g6 3. Nc3 Bg7 4. Nf3 O-O 5. Bf4 d6 6. e3 Nbd7 7. h3 c6 8. Be2
Qe8 9. O-O e5 10. Bh2 Kh8 11. Qb3 Ng8 12. Qa3 Qe7 13. dxe5 dxe5 14. Qxe7 Nxe7
15. Ne4 f5 16. Nd6 f4 17. Ng5 Nc5 18. b4 Na6 19. a3 h6 20. Nxc8 Raxc8 21. Ne6
Rf6 22. Nxg7 Kxg7 23. Rad1 Nb8 24. Rd3 g5 25. Rfd1 Nf5 26. Bg4 Rcf8 27. Bxf5
Rxf5 28. e4 R5f7 29. f3 Na6 30. Kf1 Nc7 31. Bg1 b6 32. c5 b5 33. Bf2 Re8 34.
Be1 Kf6 35. Bc3 Ne6 36. Ke2 Rc8 37. Rd6 Re7 38. R1d2 a6 39. Kd1 Ree8 40. Kc2
Red8 41. a4 Rxd6 42. Rxd6 Rc7 43. axb5 axb5 44. Rd1 Ra7 45. Kb3 Rc7 46. Ra1 Rc8
47. Ra6 Rc7 48. Ra8 Rd7 49. Rc8 Rc7 50. Rh8 Re7 51. Kc2 Kg6 52. Bxe5 h5 53. Rc8
Kf7 54. Rxc6 Ra7 55. Kb2 Rb7 56. Rc8 Kg6 57. c6 Rb6 58. c7 1-0

[Event "Moscow Open 2007"]
[Site "Moscow"]
[Date "2007.02.04"]
[Round "9"]
[White "Repina, Varvara"]
[Black "Krivoborodov, Egor"]
[Result "0-1"]
[WhiteElo "2200"]
[BlackElo "2380"]
[PlyCount "78"]
[EventDate "2007.??.??"]

1. e4 c5 2. Nf3 d6 3. d4 cxd4 4. Nxd4 Nf6 5. f3 Nc6 6. c4 Qb6 7. Nc2 g6 8. Nc3
Bg7 9. Ne3 O-O 10. Ned5 Nxd5 11. Nxd5 Qd8 12. Be2 Be6 13. O-O Bxd5 14. exd5
Qb6+ 15. Kh1 Nd4 16. Rb1 Qa6 17. a3 Rac8 18. b3 b5 19. cxb5 Qb7 20. a4 Qxd5 21.
Bb2 Qc5 22. Bxd4 Qxd4 23. Qxd4 Bxd4 24. Rfc1 Be3 25. Rc6 d5 26. g3 e5 27. Rd1
Rcd8 28. Rc7 f6 29. Kg2 Rf7 30. Rc6 Kg7 31. b4 Rfd7 32. Rd3 d4 33. Bd1 Re7 34.
b6 axb6 35. Rxb6 f5 36. a5 e4 37. Ra3 d3 38. Rc6 Bd2 39. b5 e3 0-1

[Event "Moscow Open 2007"]
[Site "Moscow"]
[Date "2007.02.04"]
[Round "9"]
[White "Onoprienko, Vladimir"]
[Black "Lelekova, Olga"]
[Result "1/2-1/2"]
[WhiteElo "2354"]
[BlackElo "2184"]
[PlyCount "112"]
[EventDate "2007.??.??"]

1. e4 c5 2. Nc3 d6 3. Nf3 e5 4. Bc4 Be7 5. d3 Nf6 6. Ng5 O-O 7. f4 Bg4 8. Qd2
h6 9. h3 Bh5 10. g4 exf4 11. Nf3 Bg6 12. Qxf4 Nc6 13. O-O Ne5 14. Nxe5 dxe5 15.
Qg3 a6 16. Nd5 b5 17. Nxf6+ Bxf6 18. Bd5 Rc8 19. Be3 Qe7 20. a4 b4 21. Rf3 Rfd8
22. Raf1 Rxd5 23. exd5 Bh4 24. d6 Qd8 25. Qxe5 c4 26. Bd4 f6 27. Qe7 Qxe7 28.
dxe7 cxd3 29. cxd3 Kf7 30. Bf2 Bg5 31. h4 Bc1 32. h5 Bh7 33. Re1 Bxb2 34. Kf1
Ke8 35. Rb1 Rc1+ 36. Rxc1 Bxc1 37. Ke1 Bg8 38. Kd1 Bg5 39. Kc2 b3+ 40. Kb2 Kxe7
41. Bc5+ Kd7 42. d4 Be6 43. Rxb3 Bxb3 44. Kxb3 Ke6 45. Kc4 f5 46. d5+ Ke5 47.
Bd4+ Kf4 48. gxf5 Kxf5 49. Bxg7 Kg4 50. d6 Kxh5 51. d7 Kg6 52. Be5 Bd8 53. Kd5
Kf5 54. Bh2 h5 55. Kc6 Ke6 56. Bc7 Ke7 1/2-1/2

[Event "Moscow Open 2007"]
[Site "Moscow"]
[Date "2007.02.04"]
[Round "9"]
[White "Musakaev, Emil"]
[Black "Reprintsev, Alexander"]
[Result "1/2-1/2"]
[WhiteElo "2268"]
[BlackElo "2415"]
[PlyCount "140"]
[EventDate "2007.??.??"]

1. e4 d5 2. exd5 Qxd5 3. Nc3 Qa5 4. d4 Nf6 5. Bd2 Bg4 6. f3 Bf5 7. Bc4 c6 8.
Qe2 Qc7 9. O-O-O b5 10. g4 bxc4 11. gxf5 g6 12. fxg6 hxg6 13. Qxc4 Nbd7 14. d5
Rc8 15. Bf4 Nb6 16. Qd4 Qxf4+ 17. Qxf4 Bh6 18. Qxh6 Rxh6 19. dxc6 Rxc6 20. Nge2
Rc4 21. Rd2 Rch4 22. Rhd1 Kf8 23. Rd8+ Kg7 24. Nd4 Rxh2 25. Nc6 e6 26. Nxa7
R6h3 27. R8d3 Nc4 28. Nc6 Rh5 29. b3 Rc5 30. Nb4 Ne5 31. Re3 Rh3 32. Nd3 Rxc3
33. Rxe5 Rxf3 34. Kb2 Rc8 35. a4 Ng4 36. Rb5 Ne3 37. Rd2 f5 38. Ne5 Rf1 39. a5
Nd1+ 40. Ka3 Nc3 41. Rb7+ Kf6 42. Nd7+ Kg5 43. Rg2+ Kf4 44. Nb6 Rg8 45. a6 g5
46. Kb4 Kf3 47. Rxg5 Rxg5 48. Kxc3 Ra1 49. a7 f4 50. Na4 Ra5 51. Kb4 Ra6 52.
Kb5 Rxa7 53. Rxa7 e5 54. c4 e4 55. Re7 e3 56. c5 e2 57. c6 e1=Q 58. Rxe1 Rxe1
59. c7 Re8 60. Nc3 Kg2 61. Kc6 f3 62. Kd7 Rg8 63. Nd1 Rg7+ 64. Kc6 Rg8 65. Kb7
Kf1 66. Ne3+ Ke2 67. Ng4 Kd3 68. Ne5+ Kc3 69. Nxf3 Kxb3 70. Nd4+ Kc4 1/2-1/2

[Event "Moscow Open 2007"]
[Site "Moscow"]
[Date "2007.02.04"]
[Round "9"]
[White "Aslanov, Sergei"]
[Black "Chernobay, Artem"]
[Result "0-1"]
[WhiteElo "2233"]
[BlackElo "2408"]
[PlyCount "66"]
[EventDate "2007.??.??"]

1. e4 c5 2. b3 Nc6 3. Bb2 d6 4. Bb5 e5 5. Ne2 g6 6. O-O Bg7 7. f4 Nge7 8. d3
O-O 9. Nd2 Nd4 10. Bc4 d5 11. exd5 Nef5 12. Bxd4 exd4 13. Re1 Ne3 14. Qc1 Qd7
15. a4 Qg4 16. Ng3 h5 17. Ndf1 h4 18. h3 Qxf4 19. Ne4 b6 20. c3 f5 21. Nf2 Bh6
22. cxd4 cxd4 23. a5 Qg5 24. Nxe3 dxe3 25. Nd1 f4 26. d6+ Kh8 27. Qc3+ Bg7 28.
d4 f3 29. Nxe3 f2+ 30. Kh1 fxe1=Q+ 31. Rxe1 Bb7 32. a6 Be4 33. Ng4 Bd5 0-1

[Event "Moscow Open 2007"]
[Site "Moscow"]
[Date "2007.02.04"]
[Round "9"]
[White "Donchenko, Anatoly G"]
[Black "Fomin, Andrey"]
[Result "1-0"]
[WhiteElo "2402"]
[BlackElo "2258"]
[PlyCount "99"]
[EventDate "2007.??.??"]

1. Nf3 d5 2. d4 c6 3. c4 Nf6 4. Qc2 g6 5. cxd5 cxd5 6. Bf4 Nc6 7. Nc3 Bg7 8. e3
O-O 9. Be2 Qb6 10. O-O Bf5 11. Qb3 Qxb3 12. axb3 Rfd8 13. Ne5 Nxe5 14. Bxe5 Ne4
15. Bxg7 Kxg7 16. g4 Nxc3 17. bxc3 Bc2 18. Rfc1 Bxb3 19. Rcb1 Bc4 20. Bxc4 dxc4
21. Rxb7 Rdb8 22. Raxa7 Rxa7 23. Rxa7 Rb3 24. Rxe7 Rxc3 25. g5 Rc1+ 26. Kg2 c3
27. Rc7 c2 28. Rc8 h5 29. h4 Kh7 30. Kf3 Kg7 31. Kg2 Kh7 32. Kf3 Kg7 33. Kg2
Kh7 34. Rc6 Kg7 35. Rc7 Kf8 36. Kf3 Rh1 37. Rxc2 Rxh4 38. e4 Rg4 39. Rc8+ Ke7
40. Rc7+ Ke8 41. Rc5 Ke7 42. Ra5 Ke8 43. Ke3 Rg1 44. Ra8+ Ke7 45. Ra7+ Ke8 46.
Kf4 Rg2 47. f3 Rf2 48. d5 h4 49. Ra1 h3 50. Rh1 1-0

[Event "Moscow Open 2007"]
[Site "Moscow"]
[Date "2007.02.04"]
[Round "9"]
[White "Charochkina, Daria"]
[Black "Utkin, Aleksey"]
[Result "0-1"]
[WhiteElo "2235"]
[BlackElo "2374"]
[PlyCount "90"]
[EventDate "2007.??.??"]

1. e4 g6 2. d4 Bg7 3. Nc3 d6 4. Be3 a6 5. h3 b5 6. a3 Nd7 7. f4 Bb7 8. Nf3 c5
9. dxc5 Nxc5 10. e5 Nh6 11. Qe2 Nf5 12. Bf2 Ne6 13. O-O-O Nxf4 14. Qe1 Bxf3 15.
gxf3 Bxe5 16. Nd5 Nxd5 17. Rxd5 O-O 18. h4 e6 19. Rd1 Qf6 20. Qb4 h5 21. f4 Ne7
22. Bg3 a5 23. fxe5 Qf3 24. Qf4 Qxh1 25. Bd3 Qh3 26. exd6 Nd5 27. Qe5 b4 28. a4
b3 29. c3 Qg4 30. Bb5 Rab8 31. Bf2 Rfd8 32. Bd4 f6 33. Qh2 Kg7 34. Rf1 Qe4 35.
Bc6 e5 36. Ba7 Rxd6 37. Bxb8 Rxc6 38. Qd2 Rc4 39. Bd6 Rxa4 40. Ba3 Qe3 41. Rd1
Rxh4 42. Qxe3 Nxe3 43. Rd7+ Kh6 44. Bf8+ Kg5 45. Kd2 Nc4+ 0-1

[Event "Moscow Open 2007"]
[Site "Moscow"]
[Date "2007.02.04"]
[Round "9"]
[White "Sveshnikov, Vladimir"]
[Black "Airapetian, Tatevik"]
[Result "1-0"]
[WhiteElo "2359"]
[BlackElo "2245"]
[PlyCount "47"]
[EventDate "2007.??.??"]

1. e4 c5 2. c3 Nf6 3. e5 Nd5 4. Nf3 Nc6 5. d4 cxd4 6. cxd4 d6 7. Nc3 dxe5 8.
dxe5 Nxc3 9. Qxd8+ Nxd8 10. bxc3 e6 11. Be3 Nc6 12. h4 b6 13. h5 h6 14. Rh4 Be7
15. Rg4 Kf8 16. Rd1 f5 17. Rc4 Bb7 18. Rd7 b5 19. Rc5 Nd8 20. Rcc7 Bxf3 21.
gxf3 Ba3 22. Bxa7 Rg8 23. f4 Ke8 24. Bxb5 1-0

[Event "Moscow Open 2007"]
[Site "Moscow"]
[Date "2007.02.04"]
[Round "9"]
[White "Okara, Andrey"]
[Black "Yuzhakov, Oleg"]
[Result "1-0"]
[WhiteElo "2358"]
[BlackElo "2221"]
[PlyCount "85"]
[EventDate "2007.??.??"]

1. e4 e6 2. d3 d5 3. Nd2 c5 4. Ngf3 Nc6 5. g3 g6 6. Bg2 Bg7 7. c3 Nge7 8. O-O
O-O 9. Re1 d4 10. cxd4 Nxd4 11. Nxd4 Qxd4 12. Nb3 Qb4 13. Be3 b6 14. a4 c4 15.
dxc4 Ba6 16. Bd2 Qd6 17. e5 Qc7 18. Bb4 Rad8 19. Bd6 Qd7 20. c5 Bb7 21. Qe2
Bxg2 22. Kxg2 Rfe8 23. Qb5 Qb7+ 24. f3 Rc8 25. Rac1 Bh6 26. Na5 Qd5 27. Red1
Qa8 28. cxb6 axb6 29. Rxc8 Rxc8 30. Bxe7 bxa5 31. Qd7 Rb8 32. b3 Bg7 33. Qc7 h5
34. Rd8+ Rxd8 35. Qxd8+ Qxd8 36. Bxd8 Bxe5 37. Bxa5 Kf8 38. Bb6 Ke7 39. b4 Kd7
40. b5 Kc8 41. a5 Bc7 42. Bxc7 Kxc7 43. f4 1-0

[Event "Moscow Open 2007"]
[Site "Moscow"]
[Date "2007.02.04"]
[Round "9"]
[White "Ivakhinova, Inna"]
[Black "Grabuzova, Tatiana"]
[Result "0-1"]
[WhiteElo "2216"]
[BlackElo "2357"]
[PlyCount "100"]
[EventDate "2007.??.??"]

1. e4 e6 2. d4 d5 3. Nc3 Nf6 4. e5 Nfd7 5. f4 c5 6. Nf3 Nc6 7. Be3 Rb8 8. Qd2
Qa5 9. Be2 b5 10. O-O b4 11. Nd1 Ba6 12. Nf2 Bxe2 13. Qxe2 Be7 14. dxc5 Bxc5
15. Nd3 Bxe3+ 16. Qxe3 Qb6 17. Qxb6 Rxb6 18. b3 Ke7 19. a4 Rc8 20. Rac1 Na5 21.
Kf2 Nc5 22. Nxc5 Rxc5 23. Ke2 Nc6 24. Kd2 Rc3 25. Rfe1 d4 26. Re4 Rb8 27. Ne1
Rc8 28. Nd3 a5 29. Nb2 Rd8 30. Rce1 Nb8 31. Nd1 Rc7 32. Nb2 Nd7 33. Rb1 Nc5 34.
Ree1 f5 35. exf6+ gxf6 36. Re2 f5 37. Rf1 d3 38. Nxd3 Nxd3 39. cxd3 Rc3 40. Re3
Rxb3 41. Rfe1 Rd6 42. Rh3 h5 43. Kc2 Rc3+ 44. Kb2 Rcxd3 45. Rxh5 Rd2+ 46. Kc1
Rxg2 47. Rxf5 Ra2 48. Ree5 b3 49. Rh5 b2+ 50. Kc2 Rd2+ 0-1

[Event "Moscow Open 2007"]
[Site "Moscow"]
[Date "2007.02.04"]
[Round "9"]
[White "Tjurin, Alexander P"]
[Black "Novikov, Valeri"]
[Result "1-0"]
[WhiteElo "2344"]
[BlackElo "2212"]
[PlyCount "91"]
[EventDate "2007.??.??"]

1. e4 d6 2. d4 g6 3. Nc3 Bg7 4. g3 Nf6 5. Bg2 c6 6. a4 Qc7 7. Nge2 e5 8. h3 O-O
9. Be3 a5 10. O-O Na6 11. Qd2 Re8 12. Rad1 Bd7 13. g4 Rad8 14. Ng3 Bc8 15. d5
Nb4 16. Bg5 Rd7 17. Kh1 cxd5 18. exd5 b6 19. Rc1 Ba6 20. Rfd1 Rde7 21. Nge4
Nxe4 22. Nxe4 Rc8 23. c4 f5 24. gxf5 gxf5 25. Nf6+ Kh8 26. Nh5 Rf7 27. Nxg7
Kxg7 28. Rg1 Rg8 29. f4 h6 30. Bh4 Kh7 31. b3 e4 32. Rcf1 Rg6 33. Kh2 Rfg7 34.
Bf2 Nd3 35. Bd4 Rg8 36. Qe3 Qd8 37. Bh1 Qh4 38. Rxg6 Rxg6 39. Bxb6 Rg4 40. Bxe4
fxe4 41. Qxe4+ Rg6 42. Qxd3 Bc8 43. f5 Rg5 44. f6+ Kg8 45. f7+ Kf8 46. Bd8 1-0

[Event "Moscow Open 2007"]
[Site "Moscow"]
[Date "2007.02.04"]
[Round "9"]
[White "Bacherikov, Vitaly"]
[Black "Maslov, Mikhail"]
[Result "1-0"]
[WhiteElo "2209"]
[BlackElo "2336"]
[PlyCount "93"]
[EventDate "2007.??.??"]

1. e4 e5 2. Nf3 Nf6 3. d3 Nc6 4. Be2 d5 5. Nbd2 Bc5 6. O-O h6 7. c3 dxe4 8.
dxe4 a5 9. Qc2 O-O 10. b3 Qe7 11. a3 Nh5 12. Re1 Bg4 13. Nc4 Nf4 14. Bxf4 exf4
15. b4 Ba7 16. e5 f5 17. Rad1 Kh8 18. Qd2 b5 19. Nb2 Rae8 20. e6 axb4 21. axb4
Qxe6 22. Bxb5 Qf6 23. Rxe8 Rxe8 24. Qd7 Re6 25. Qxc7 Bxf3 26. gxf3 Qh4 27. Nd3
Rg6+ 28. Kf1 Qh3+ 29. Ke2 Re6+ 30. Kd2 Qxf3 31. Qc8+ Nd8 32. Qxd8+ Kh7 33. Re1
Rxe1 34. Kxe1 Qe4+ 35. Kd2 f3 36. Qd7 Bb6 37. Bc6 Qe2+ 38. Kc1 Bxf2 39. Qxf5+
Kh8 40. Be4 Be3+ 41. Kb1 Kg8 42. Bd5+ Kh8 43. Qf8+ Kh7 44. Be4+ g6 45. Qf7+ Kh8
46. Qf6+ Kg8 47. Bd5+ 1-0